00916nam a22001937a 450000500170000000700150001700800410003203500100007304000090008310000360009224500950012825600240022326000410024730000280028850602700031665000290058674000380061585600690065320240305165422.0cr|||| |||| 140430s2014 mx |||||s|||| 00||0 spa d a12073 avLex1 aBornacini Hervella, Honoré A.10aGuía de la nómina CFDI 2014h[Recurso electrónico] /cHonoré A. Bornacini Hervella aServicio en línea aMéxico DF:bMéxico Fiscal,c2014 a1 recurso electrónico1 aDisponible solo en los productos indicadosdvLex GlobaldvLex Global (Academic Edition, excluding Law Schools)dvLex Global (U.S. Academic Edition, Law Schools)dvLex Global (U.S. Academic Edition, excluding Law Schools)dvLex Global (Academic Edition, Law Schools)04aDerecho FiscalzMéxico0 avLex Libros (Servicio en línea)40uhttps://app.vlex.com/#/sources/guia-de-la-nomina-cfdi-2014-12073